000 00592nam a2200181 i 4500
001 138232
003 ES-MaACL
005 20240511063035.0
007 t|
008 070214s1916 sp |||| | spa d
100 1 _aSánchez de Toca, Joaquín,
_d1852-1942
_9102598
245 1 4 _aLos problemas actuales de mayor urgencia para el Gobierno de España /
_cJ.S. de Toca.
260 _aMadrid :
_b[s. n.],
_cIsidoro Perales (
_f1916)
300 _a360 p. ;
_c23 cm.
651 4 _aEspaña-
_xPolítica económica-
_yS.XX.
_98414
852 _aES-MaACL
_jG-6076
999 _c138232
_d138232